000 00669nam a2200181Ia 4500
008 100921s9999 xx 000 0 und d
082 _b24436
_a891.468 थ 90
100 _aसोवनी मधुकर विष्णु.
245 _aशब्दक्रीडा.
260 _bशब्दवेध प्रकाशन, पुणे.
_c1990
300 _a28
_bमॅजेस्टीक प्रकाशन,पुणे.
365 _b11
520 _aललित-संकीर्ण.
630 _aशब्दक्रीडा.
650 _aललित-संकीर्ण.
730 _aशब्दक्रीडा.
942 _cBOOK
999 _c773549
_d773546